|
|
|
|
| LEADER |
00000nab#a22000007a#4500 |
| 001 |
arbauad012414 |
| 003 |
AR-BaUAD |
| 005 |
20250711111236.0 |
| 008 |
950713|||||||||###||||||b###|0###a|spa|| |
| 040 |
|
|
|a AR-BaUAD
|c AR-BaUAD
|b spa
|
| 245 |
1 |
0 |
|a Day & night
|b da Coconut Groove a South Beach. Jeans in Miami. -- Versace's Miami
|
| 300 |
0 |
|
|b fot.
|
| 500 |
|
|
|a Moda en Miami. -- Moda de Gianni Versace in Miami
|
| 653 |
|
|
|a ESTADOS UNIDOS
|
| 653 |
|
|
|a INDUMENTARIA MASCULINA
|
| 653 |
|
|
|a JEANS
|
| 653 |
|
|
|a DISEÑADORES DE INDUMENTARIA
|
| 653 |
|
|
|a DISEÑO DE INDUMENTARIA
|
| 653 |
|
|
|a GIANNI VERSACE COUTURE
|
| 653 |
|
|
|a MARCAS
|
| 773 |
0 |
|
|t L'Uomo Vogue
|g no. 250 [abr. 1994], p. 82-91
|
| 942 |
|
|
|c ARTI
|
| 952 |
|
|
|0 0
|1 0
|4 0
|7 0
|9 57334
|a AR-BAuAD
|b AR-BAuAD
|d 2025-07-11
|l 0
|p AAQA012414
|r 2025-07-11 11:12:36
|w 2025-07-11
|y ARTI
|
| 990 |
|
|
|a DT199
|b TD
|
| 998 |
|
|
|a AAQ
|b BIBUN76
|
| 999 |
|
|
|c 37007
|d 37007
|